Κουίζ ελληνικής Ιστορίας 20ού αιώνα - Statistics

General Stats
  • This quiz has been taken 131 times
  • The average score is 9 of 19
Answer Stats
Hint Answer % Correct
Το κύριο αντιστασιακό κίνημα κατά τη διάρκεια της κατοχής της Ελλάδας Εθνικό Απελευθερωτικό Μέτωπο
70%
Σοσιαλδημοκρατικό κόμμα που εκλέχθηκε το ίδιο έτος Πανελλήνιο Σοσιαλιστικό Κίνημα
70%
Η Ελλάδα έγινε μέλος αυτού του οργανισμού το 1981 Ευρωπαϊκή Οικονομική Κοινότητα
68%
Βασιλιάς ο οποίος δολοφονήθηκε το 1913 αφού βασίλεψε για σχεδόν 50 χρόνια Γεώργιος Α'
66%
Η Ελλάδα συμμετείχε σε αυτούς τους πολέμους μεταξύ των 1912 και 1913 Βαλκανικοί Πόλεμοι
65%
Η Ελλάδα έγινε μέλος αυτού του οργανισμού το 1952 Οργανισμός Βορειοατλαντικού Συμφώνου
62%
Φιλελεύθερος από την Κρήτη ο οποίος υπηρέτησε ως Πρωθυπουργός για πάνω από 12 χρόνια Ελευθέριος Βενιζέλος
58%
Έλληνας δικτάτορας από το 1936 ως το 1941, ο ηγέτης του καθεστώτος της 4ης Αυγούστου Ιωάννης Μεταξάς
55%
Ηγέτης της χούντας μεταξύ των 1967 και 1973 Γεώργιος Παπαδόπουλος
54%
Εξέγερση που προήλθε απ' τον αυταρχισμό της χούντας το 1973, οδηγώντας σε πολλούς δολοφονημένους φοιτητές Εξέγερση του Πολυτεχνείου
54%
Εκστρατεία των Ελλήνων μεταξύ των 1919 και 1922 έπειτα από τον Α' Παγκόσμιο Πόλεμο Μικρασιατική Εκστρατεία
51%
Δεξιό κόμμα που κέρδισε τις εκλογές του Νοεμβρίου 1974 και που έχει παραμείνει το κύριο δεξιό κόμμα από τοτε Νέα Δημοκρατία
48%
Η παραπάνω εκστρατεία οδήγησε σε αυτή τη Συνθήκη Συνθήκη της Λωζάνης
45%
Εθνικιστική ιδέα την οποία προσπάθησε να κάνει πράξη ο παραπάνω Μεγάλη Ιδέα
42%
Δύναμη του Άξωνα που κυρίευσε την Ελλάδα, εκτός από τις Γερμανία και Ιταλία Βουλγαρία
40%
Μία από τις γενοκτονίες των Ελλήνων που διαπράχθηκε από τους Οθωμανούς με περίπου 350.000 θανάτους Γενοκτονία των Ελλήνων του Πόντου
39%
Καπετάνιος του στρατιωτικού σκέλους του παραπάνω κινήματος Άρης Βελουχιώτης
36%
Σειρά ενόπλων συγκρούσεων τον Β' Παγκόσμιο Πόλεμο μεταξύ το παραπάνω κίνημα και την ελληνική κυβέρνηση, υποστηριζόμενη από το Ηνωμένο Βασίλειο Δεκεμβριανά
15%
Στρατός που ιδρύθηκε από το ΚΚΕ στον εμφύλιο Δημοκρατικός Στρατός Ελλάδας
6%
No matching quizzes found
Score Distribution
Percent of People with Each Score
Percentile by Number Answered
Your Score History
You have not taken this quiz